000 00259nam a22001217a 4500
082 _a823
_bPAI/T
100 _aPAI, ANANT
245 _aTINKLE DIGEST
260 _aBOMBAY
_bINDIA BOOK HOUSE
_c1994
300 _a94
650 _aENGLISH STORY
_zINDIA
942 _cBK
999 _c7511
_d7511